| 000 | 00892cam a2200241 i 4500 | ||
|---|---|---|---|
| 999 |
_c57917 _d57917 |
||
| 001 | 18762233 | ||
| 005 | 20210331155608.0 | ||
| 008 | 150827s2016 nyu b 001 0 eng | ||
| 020 | _a9780891286981 | ||
| 041 | _aeng | ||
| 080 | _a003.24+376.2 S-97 | ||
| 100 | 1 |
_aSwenson, Anna M., _d1952- _eauthor. _910937 |
|
| 245 | 1 | 0 |
_aBeginning with braille : _bfirsthand experiences with a balanced approach to literacy / _cAnna M. Swenson. |
| 250 | _aSecond edition. | ||
| 264 | 1 |
_aNew York, NY : _bAFB Press, _c2016. |
|
| 300 |
_a442 pages ; _c28 cm. |
||
| 650 | 0 |
_aBraille _xStudy and teaching (Elementary) _zUnited States. _910938 |
|
| 650 | 0 |
_aBlind children _xEducation _zUnited States. _910939 |
|
| 650 | 0 |
_aBlind children _xBooks and reading _zUnited States. _910940 |
|
| 653 | _aბრაილის შრიფტი | ||
| 653 | _aბრმა ბავშვები | ||
| 942 |
_2udc _cBK |
||